| 000 | 01702nam a22003977a 4500 | ||
|---|---|---|---|
| 003 | CHAP | ||
| 005 | 20240507091728.0 | ||
| 008 | 090518s2006 mx r 00010 spa d | ||
| 010 | _a96179 | ||
| 011 | _a97151 | ||
| 020 | _a9706867945 | ||
| 020 | _a9789706867940 | ||
| 035 | _a107813 | ||
| 040 | _cCHAP | ||
| 082 | 0 | 4 |
_a519.2 _bM52y 2006 |
| 100 | 0 | 0 |
_aMendenhall, William. _974569 |
| 245 | 1 | 0 |
_aIntroducción a la probabilidad y estadística _c/por William Mendenhall, Robert J. Beaver y Barbara M. Beaver |
| 250 | _a12 ed. | ||
| 260 |
_aMéxico, D.F. : _bCengage-Thomson, _c2008 |
||
| 300 |
_axxiii, 743 p. : _bgráfs., + 1 CD (4 3/4 plgs.) |
||
| 500 | _aEste CD ROM contiene: Conjuntos de datos en los formatos ASCII, Excel, Minitab, SPSS,TI 83, 84 y 89, JMP y SAS; pequeños programas (aplpets) de Seeing Statistics; presentaciones en Power Point; ejercicios de práctica ; manual para calculadora graficadora; vínculos con exámenes de tutoriales; vínculos con recursos para el alumno. | ||
| 534 |
_pTít. original : _tIntroduction to probability and statistics, _c2006. _b12 ed. |
||
| 590 |
_aBATCH-UPD _b10 _c20130110 |
||
| 590 |
_aBATCH-UPD _b10 _c20130110 |
||
| 590 |
_aBATCH-UPD _b10 _c20130410 |
||
| 590 |
_aBATCH-UPD _b10 _c20130914 |
||
| 590 |
_aCONVERSION _b10 _c20130109 |
||
| 650 | 1 | 4 |
_aEstadística. _938241 |
| 650 | 1 | 4 |
_aProbabilidades. _991687 |
| 700 | 1 |
_aBeaver, Barbara M. _911102 |
|
| 700 | 1 |
_aBeaver, Robert J. _911103 |
|
| 901 | _aBK | ||
| 942 |
_cLIBRO _2ddc |
||
| 949 |
_a519.2 M52y 2006 _bBC _cLIBRO _d33724002094330 _eLIBRO _gI.c/e _h110480 _i107813 _so _t$295.00 |
||
| 949 |
_a519.2 M52y 2006 _bBC _cLIBRO _d33724002094371 _eLIBRO _fc.2 _gI.c/e _h110481 _i107813 _so _t$295.00 |
||
| 999 |
_c96179 _d96179 |
||